Catálogo
 En Linea

The last war drum : (Registro nro. 14529)

Detalles MARC
000 -CABECERA
campo de control de longitud fija 00948cam a2200265 a 4500
001 - NÚMERO DE CONTROL
campo de control 000014952
005 - FECHA Y HORA DE LA ÚLTIMA TRANSACCIÓN
campo de control 20200929163929.0
008 - DATOS DE LONGITUD FIJA--INFORMACIÓN GENERAL
campo de control de longitud fija 731212s1972 onca b 001 0 eng
020 ## - NÚMERO INTERNACIONAL ESTÁNDAR DEL LIBRO
Número Internacional Estándar del Libro 0888665121
035 ## - NÚMERO DE CONTROL DEL SISTEMA
Número de control de sistema (DLC) 72080054
040 ## - FUENTE DE LA CATALOGACIÓN
Centro catalogador/agencia de origen DO-SdBNP
Lengua de catalogación eng
Centro/agencia transcriptor BNPHU
Centro/agencia modificador DLC
050 00 - SIGNATURA TOPOGRÁFICA DE LA BIBLIOTECA DEL CONGRESO
Número de clasificación F1060.9
Número de documento/Ítem .M878
082 ## - NÚMERO DE LA CLASIFICACIÓN DECIMAL DEWEY
Número de clasificación 971.05/4
Número de documento/Ítem M889l
049 ## - FONDOS LOCALES (OCLC)
Fondos de biblioteca BNGR
100 1# - ENTRADA PRINCIPAL--NOMBRE DE PERSONA
Nombre de persona Morton, Desmond,
Fechas asociadas al nombre 1937-
Forma completa/desarrollada del nombre Desmond Dillon Paul Morton.
9 (RLIN) 33838
245 14 - MENCIÓN DE TÍTULO
Título The last war drum :
Resto del título the North West campaign of 1885 /
Mención de responsabilidad, etc. Desmond Morton editor John Swettenham.
260 ## - PUBLICACIÓN, DISTRIBUCIÓN, ETC.
Lugar de publicación, distribución, etc. Toronto, :
Nombre del editor, distribuidor, etc. Hakkert,
Fecha de publicación, distribución, etc. 1972.
300 ## - DESCRIPCIÓN FÍSICA
Extensión xxii, 193 p. :
Otras características físicas il. ;
Dimensiones 26 cm.
490 1# - MENCIÓN DE SERIE
Mención de serie Canadian War Museum.
Designación de volumen o secuencia 5
Mención de serie Historical publications,
504 ## - NOTA DE BIBLIOGRAFÍA, ETC.
Nota de bibliografía, etc. Incluye referencias bibliográficas.
650 #0 - PUNTO DE ACCESO ADICIONAL DE MATERIA--TÉRMINO DE MATERIA
Término de materia o nombre geográfico como elemento de entrada Riel rebellion, 1885.
9 (RLIN) 33839
700 1# - PUNTO DE ACCESO ADICIONAL--NOMBRE DE PERSONA
Nombre de persona Swettenham, John,
Término indicativo de función/relación ed.
9 (RLIN) 33840
830 #0 - PUNTO DE ACCESO ADICIONAL DE SERIE-TÍTULO UNIFORME
Título uniforme Canadian War Museum.
Designación de volumen o secuencia 5
Nombre de parte o sección de la obra Historical publications,
9 (RLIN) 33841
910 ## - DATOS DE OPCIÓN DEL USUARIO (OCLC)
Datos de opción del usuario Catalogación por copia / LC
Existencias
Estado de retiro Estado de pérdida Restricciones de uso No para préstamo Código de colección Localización permanente Ubicación/localización actual Ubicación en estantería Fecha de adquisición Número de inventario Total de préstamos Signatura topográfica completa Código de barras Fecha visto por última vez Precio válido a partir de Tipo de ítem Koha
      Excluido de préstamo Monografías: Libros y Folletos General General En catalogación 27.01.2010 LF1   971.05/4 M889l 14952-10 25.06.2020 25.06.2020 No se presta

Con tecnología Koha